| 000 | 01018nam a22002297a 4500 | ||
|---|---|---|---|
| 999 |
_c21184 _d21184 |
||
| 003 | AR-CdUCM | ||
| 008 | 190307b ||||| |||| 00| 0 spa d | ||
| 040 |
_aMUNICIPALIDAD PROVINCIAL DEL CUSCO _cBIBLIOTECA MUNICIPAL DEL CUSCO |
||
| 082 |
_a320.973 / AL45 _bAL45 |
||
| 100 |
_aAlosilla Robles, Washington _912710 |
||
| 245 |
_aMetodología para el diseño y formulación de políticas públicas regionales / _cWashington Alosilla Robles |
||
| 260 |
_aCusco : _bTecni Graf, _c2016. |
||
| 300 |
_a52 páginas ; _c20 cm. |
||
| 505 | _aContenido: Marco teórico y conceptual de política -- Definiciones vinculadas a las políticas públicas en materia de desarrollo social -- Marco teórico conceptual del desarrollo social - Definición de calidad de vida ... | ||
| 650 |
_aPlanificación regional _96151 |
||
| 650 |
_aPolítica publica _98863 |
||
| 650 |
_aDesarrollo social _91131 |
||
| 650 |
_aPlanificación estratégica _912711 |
||
| 650 |
_aGestión Regional _912712 |
||
| 942 |
_2ddc _cLIBROS |
||
| 945 | _aRoel | ||